00414nam a2200157Ia 4500003000400000005001700004008004100021040000700062041000800069082001700077245008900094260003300183365001200216650000800228650002000236OSt20230630114546.0210423s9999 xx 000 0 und d cAL aeng a340 CLPW223 aWorking journalist and other newspaper employes and misellaneous provisions act 1955 bICFAI PressaHyderabadc2003 b40cINR aLaw aSocial Sciences